Представление документа в формате MARC21

Поле Инд. ПП Название Значение
Тип записи a
Библиографический уровень b
001 Контрольный номер RU/IS/BASE/329232677
005 Дата корректировки 20200601191447.0
008 Кодируемые данные 20100607
040 b Код языка каталог. rus
e Правила каталог. PSBO
041 0_ a Код языка текста rus
084 a Индекс другой классификации/Индекс ББК 67.05
100 1_ a Автор Соколов А. Н.
100 1_ a Автор Балаклеев И. И.
245 10 a Заглавие Правовая культура в условиях социально-экономического кризиса и правового реформирования российского общества
504 a Библиография Лит. в конце статьи
520 a Аннотация Представлено многогранное значение правовой культуры в условиях дальнейшего реформирования правовой системы России. Правовая культура определяет меру юридической цивилизованности государства и общества, их правовой прогресс
650 a Основная рубрика право
a Основная рубрика теория права
653 a Ключевые слова гражданское общество
a Ключевые слова закон
a Ключевые слова правовая культура
a Ключевые слова правовое государство
a Ключевые слова правовой нигилизм
a Ключевые слова правовые реформы
a Ключевые слова правовые ценности
a Ключевые слова Россия
a Ключевые слова философия права
a Ключевые слова экономический кризис
773 0_ t Заглавие источника Философия права
d Дата издания источника 2009
g Прочая информация № 6. - С. 30 - 35
w Контрольный № источника RU/IS/BASE/321799267
901 t Тип документа b